| 000 | 00684nam a2200193 a 4500 | ||
|---|---|---|---|
| 001 | 000041621 | ||
| 005 | 20201002035654.0 | ||
| 008 | 131014s2005 sp 001 0 spa d | ||
| 020 | _a8487699790 | ||
| 040 |
_aDO-SdBNP _bspa _cBNPHU |
||
| 245 | 0 | 0 |
_aFilosofía de la historia / : _bedición de Reyes Mate. |
| 260 |
_aMadrid : _bConsejo Superior de Investigaciones Científicas, _c2005. |
||
| 300 |
_a308 p. ; _c24 cm. |
||
| 490 | 1 |
_aEnciclopedia Iberoaméricana de Filosofía _v5 |
|
| 500 | _aIncluye índice | ||
| 700 | 1 |
_aMate, Reyes _eed. _968402 |
|
| 710 | 2 |
_aConsejo Superior de Investigaciones Científicas _94786 |
|
| 830 | 0 |
_aEnciclopedia Iberoaméricana de Filosofía _v5 _915735 |
|
| 999 |
_c41111 _d41111 |
||